Normal view
MARC view
Entry Personal Name
001 - CONTROL NUMBER
- control field: 131
003 - CONTROL NUMBER IDENTIFIER
- control field: OSt
005 - DATE AND TIME OF LATEST TRANSACTION
- control field: 20180722173317.0
008 - FIXED-LENGTH DATA ELEMENTS
- fixed length control field: 180722|| aca||aabn | a|a d
040 ## - CATALOGING SOURCE
- Original cataloging agency: OSt
- Transcribing agency: OSt
100 ## - HEADING--PERSONAL NAME
- Personal name: Carter, Gwendolen M.
670 ## - SOURCE DATA FOUND
- Source citation: Work cat.: (OSt)361737: Carter, Gwendolen M., South Africa's Transkei; the politics of domestic colonialism, 1967
